A quarter century of direct taxation in India, 1939-1964, (Record no. 73310)

MARC details
000 -LEADER
fixed length control field 00886cam a22002411 4500
001 - CONTROL NUMBER
control field sa 67002575
003 - CONTROL NUMBER IDENTIFIER
control field DLC
005 - DATE AND TIME OF LATEST TRANSACTION
control field 20260227112331.0
008 - FIXED-LENGTH DATA ELEMENTS--GENERAL INFORMATION
fixed length control field 790221s1965 ii b 000 0 eng
010 ## - LIBRARY OF CONGRESS CONTROL NUMBER
LC control number sa 67002575
025 ## - OVERSEAS ACQUISITION NUMBER
Overseas acquisition number PL480: I-E-6592
035 ## - SYSTEM CONTROL NUMBER
System control number (OCoLC)4677271
040 ## - CATALOGING SOURCE
Original cataloging agency DLC
Transcribing agency NAlU
Modifying agency DLC
042 ## - AUTHENTICATION CODE
Authentication code premarc
050 00 - LIBRARY OF CONGRESS CALL NUMBER
Classification number KNS2790
Item number .P67 1965
100 1# - MAIN ENTRY--PERSONAL NAME
Personal name Pophale, G. L.
245 12 - TITLE STATEMENT
Title A quarter century of direct taxation in India, 1939-1964,
Remainder of title a historical-cum-critical survey,
Statement of responsibility, etc. by G.L. Pophale.
260 ## - PUBLICATION, DISTRIBUTION, ETC.
Place of publication, distribution, etc. Bombay,
Name of publisher, distributor, etc. IMC Economic Research and Training Foundation, Sir Purshotamdas Thakurdas Research Wing
Date of publication, distribution, etc. [1965]
300 ## - PHYSICAL DESCRIPTION
Extent xliv, 475 p.
Dimensions 23 cm.
490 0# - SERIES STATEMENT
Series statement Research publication series / Indian Merchants' Chamber Economic Research and Training Foundation ;
Volume/sequential designation 6
504 ## - BIBLIOGRAPHY, ETC. NOTE
Bibliography, etc. note Bibliography: p. xv.
650 #0 - SUBJECT ADDED ENTRY--TOPICAL TERM
Topical term or geographic name entry element Taxation
General subdivision Law and legislation
Geographic subdivision India.

No items available.

Powered by Koha